Statistics for Football Clubs in Madrid

Click here to take the quiz!

General Stats

  • This quiz has been taken 36 times
    (20 since last reset)
  • The average score is 2 of 7

Answer Stats

Last Biggest League Title Team % Correct
2016-17 La LigaReal Madrid
100%
2013-14 La LigaAtlético Madrid
75%
2017-18 Segunda DivisiónRayo Vallecano
60%
-Unión Adarve
5%
-Los Yébenes San Bruno
0%
-Santa Ana
0%
-Villaverde San Andrés
0%

Score Distribution

Percentile by Number Answered

Percent of People with Each Score

Your Score History

You have not taken this quiz since the last reset